Delincuentes juveniles y criminales: su tratamiento y rehabilitación

Na minha lista:
Detalhes bibliográficos
Autor principal: Gibbons, Don C (Author)
Formato: Livro
Idioma:espanhol
Publicado em: Ciudad de México Fondo de Cultura Económica 1969
Colecção:Sección de obras de sociología
Assuntos:
Tags: Adicionar Tag
Sem tags, seja o primeiro a adicionar uma tag!

MARC

LEADER 00000nam a2200000 a 4500
001 UCY7680
003 CL-VaPUC
008 950616e19690000MX |||||||||||||||||spa|d
082 0 4 |a 364.36  |b GIB  |2 21 
100 0 |a Gibbons, Don C  |e author  |9 338362 
245 1 0 |a Delincuentes juveniles y criminales: su tratamiento y rehabilitación 
300 |a 388 p 
942 |c BK 
945 |d 19950616 00:00:00  |a cmena 
260 |a Ciudad de México  |b Fondo de Cultura Económica  |c 1969 
650 0 |a Delincuencia juvenil  |9 311188 
650 0 |a Problemas sociales  |9 258537 
650 7 |a JUVENTUD DESFAVORECIDA  |2 CL-VaPUC  |9 337697 
650 7 |a CRIMINALES  |2 CL-VaPUC  |9 322996 
650 7 |a INADAPTADOS  |2 CL-VaPUC  |9 338363 
650 7 |a PSICOTERAPIA  |2 CL-VaPUC  |9 338364 
583 |a last modification  |c 19950616 00:00:00  |k Rodrigo Vera 
490 0 |a Sección de obras de sociología 
999 |c 235009  |d 235007 
952 |0 0  |1 0  |4 0  |6 364_360000000000000_GIB_1969  |7 0  |8 P  |9 242089  |a BIBEDU  |b BIBEDU  |c BIBEDU_PB  |d 2019-11-18  |i 1519999  |o 364.36 GIB 1969  |p 1519999  |r 2024-01-25  |w 2019-11-18  |y BK  |k EDU